000 00474nam a2200181Ia 4500
001 24344
005 20260414151037.0
008 260414t2006||||xx |||||||||||||| ||spa||
041 _aESP
082 _a345.4
_bR31
100 _aReátegui Sánchez, James
_eAUT
245 0 _aLa garantía del ne bis in idem en el ordenamiento jurídico - penal
_b
260 _c2006
300 _a181 páginas :
_c24 cm.
650 _aDER
654 _aCDE
942 _cLIB
_dJUS
_fJUS
_2ddc
_n
999 _c24344
_d24344